000
00288nam a22001337a 4500
008
230907b ||||| |||| 00| 0 eng d
041
_a
eng
080
_a
53
082
_a
53YAV
100
_a
20
101
_a
FIZIK
245
_a
FUNDAMENTALS OF PHYSICS
_c
YAVORSKY.N.B
942
_2
udc
_c
BK
999
_c
60277
_d
60277